Central Library OPAC University of Rajshahi

Economic independence for women : (Record no. 43533)

MARC details
000 -LEADER
fixed length control field 00927nam a2200277 a 4500
001 - CONTROL NUMBER
control field 43533
003 - CONTROL NUMBER IDENTIFIER
rucl marc code BD-RjUL
005 - DATE AND TIME OF LATEST TRANSACTION
control field 20211209053719.0
008 - FIXED-LENGTH DATA ELEMENTS--GENERAL INFORMATION
fixed length control field 160622s1976 caua b 000 0 eng
020 ## - INTERNATIONAL STANDARD BOOK NUMBER
International Standard Book Number 0803904444
International Standard Book Number 0803905173 (pbk.)
035 ## - SYSTEM CONTROL NUMBER
System control number (BD-RjUL) 43651
040 ## - CATALOGING SOURCE
Original cataloging agency DLC
Transcribing agency DLC
Modifying agency DLC
Language of cataloging eng
041 ## - LANGUAGE CODE
Language code of text/sound track or separate title eng
082 00 - DEWEY DECIMAL CLASSIFICATION NUMBER
Classification number 301.4120973
Author mark and year ECO 1976
245 00 - TITLE STATEMENT
Title Economic independence for women :
Remainder of title the foundation for equal rights /
Statement of responsibility, etc. edited by Jane Roberts Chapman.
260 ## - PUBLICATION, DISTRIBUTION, ETC. (IMPRINT)
Place of publication, distribution, etc. Beverly Hills, Calif. :
Name of publisher, distributor, etc. Sage Publications,
Date of publication, distribution, etc. c1976.
300 ## - PHYSICAL DESCRIPTION
Pagination 285 p. :
Illustrations ill. ;
Size 24 cm.
504 ## - BIBLIOGRAPHY, ETC. NOTE
Bibliography, etc Includes bibliographies.
650 #0 - SUBJECT ADDED ENTRY--TOPICAL TERM
Topical term or geographic name as entry element Women
Geographic subdivision United States
General subdivision Economic conditions.
9 (RLIN) 133733
Topical term or geographic name as entry element Women
General subdivision Employment
Geographic subdivision United States.
9 (RLIN) 133734
700 1# - ADDED ENTRY--PERSONAL NAME
Personal name Chapman, Jane Roberts.
942 ## - ADDED ENTRY ELEMENTS (KOHA)
Source of classification or shelving scheme Dewey Decimal Classification
Koha item type Books
Holdings
Lost status Source of classification or shelving scheme Damaged status Not for loan Collection code Permanent Location Current Location Shelving location Date acquired Total Checkouts Full call number Date last seen Copy number Koha item type
  Dewey Decimal Classification     Non-fiction Central Library, University of Rajshahi Central Library, University of Rajshahi   10/07/1990   301.4120973 ECO 1976 22/06/2016 C-2 Books